01408nam a22002057a 4500003000400000005001700004008004100021020001800062040001400080082001300094100002800107245002100135264004300156300004100199521081500240650003301055650003801088650004501126700003101171OSt20260226165549.0260226b ||||| |||| 00| 0 spa d a9789585993679 cCO-Mq BPB aANbKATp aKatzenbach, Johneautor aEl psicoanalista aBogotá;bPenguin Random House,c2017 a523 páginas;btapa rustica,c20 cm a«Feliz aniversario, doctor. Bienvenido al primer día de su muerte.» Así comienza el anónimo que recibe el psicoanalista Frederick Starks, y que le obliga a emplear toda su astucia y rapidez para, en quince días, averiguar quién es el autor de esa amenazadora misiva que promete hacerle la vida imposible. De no conseguir su objetivo, deberá elegir entre suicidarse o ser testigo de cómo, uno tras otro, sus familiares y conocidos mueren por obra de un psicópata decidido a llevar hasta el final su sed de venganza. Dando un inesperado giro a la relación entre médico y paciente, John Katzenbach nos ofrece una novela emblemática del mejor suspense psicológico. Con casi 200.000 ejemplares vendidos en España, El psicoanalista es la novela que lanzó a la fama a John Katzenbach. aSuspenso intenso y constante aPersonajes complejos y retorcidos aGiros y sorpresas que mantienen el ritmo aParedes, Lauraetraductora